000 00671nam a22002297a 4500
003 UA-OsUOA
001 86991
007 ta
008 20120913b un ||||| |||| 00| 0 ukr d
100 _aКрыжановский С.
090 _a82.09(477)
_bК85
942 _cBK
040 _aUA-OsUOA
_brus
_cUA-OsUOA
_dUA-OsUOA
245 _aМаксим Рыльский
_bкритико-биографический очерк
300 _a175 с.
955 _a2
041 _arus
080 _a82.09(477)
260 _aМ.
_bСоветский писатель
_c1956
650 7 _a82 Література. Літературознавство
_2UDC
999 _c373206
_d373206